Conversación en la catedral /

Guardado en:
Autor Principal: Vargas Llosa, Mario
Formato: Libro
Publicado: Buenos Aires : Sudamericana-Planeta,.
Materias:
Etiquetas: Agregar Etiqueta
Sin Etiquetas, Sea el primero en etiquetar este registro!
LEADER 00476nam a22001455a 4500
001 EHU.bham019547
008 130507b198-##################000#0#####d
005 20240809081605.0
245 1 0 |a Conversación en la catedral /  |c Mario Vargas Llosa. 
260 |a Buenos Aires :  |b Sudamericana-Planeta,. 
100 1 |a Vargas Llosa, Mario 
082 P E |a 863.4 
653 |a Novela peruana-1911- 
653 |a Literatura peruana 
859 |a AR-BHAM  |b BIB. HUMANIDADES - General  |h PE863.4  |i V426-2A2  |k PE  |p 79.87  |t Ej.1